<?xml version="1.0" encoding="UTF-8"?>
<record
    xmlns:xsi="http://www.w3.org/2001/XMLSchema-instance"
    xsi:schemaLocation="http://www.loc.gov/MARC21/slim http://www.loc.gov/standards/marcxml/schema/MARC21slim.xsd"
    xmlns="http://www.loc.gov/MARC21/slim">

  <leader>00345nam a22001217a 4500</leader>
  <controlfield tag="008">160412b        xxu||||| |||| 00| 0 eng d</controlfield>
  <datafield tag="020" ind1=" " ind2=" ">
    <subfield code="a">9966260116</subfield>
  </datafield>
  <datafield tag="100" ind1=" " ind2=" ">
    <subfield code="a">Serem, D. K.</subfield>
  </datafield>
  <datafield tag="245" ind1=" " ind2=" ">
    <subfield code="a">Understanding Research </subfield>
    <subfield code="b">a simplified form</subfield>
    <subfield code="c">Serem, D. K.</subfield>
  </datafield>
  <datafield tag="260" ind1=" " ind2=" ">
    <subfield code="a">Eldoret, Kenya </subfield>
    <subfield code="b">Utafiti Foundation</subfield>
    <subfield code="c">2013</subfield>
  </datafield>
  <datafield tag="300" ind1=" " ind2=" ">
    <subfield code="a">xx, 140p.</subfield>
  </datafield>
  <datafield tag="942" ind1=" " ind2=" ">
    <subfield code="2">lcc</subfield>
    <subfield code="c">BK</subfield>
  </datafield>
  <datafield tag="999" ind1=" " ind2=" ">
    <subfield code="c">15921</subfield>
    <subfield code="d">15921</subfield>
  </datafield>
  <datafield tag="952" ind1=" " ind2=" ">
    <subfield code="0">0</subfield>
    <subfield code="1">0</subfield>
    <subfield code="2">lcc</subfield>
    <subfield code="7">0</subfield>
    <subfield code="a">KABU</subfield>
    <subfield code="b">KABU</subfield>
    <subfield code="d">2016-04-12</subfield>
    <subfield code="g">1500.00</subfield>
    <subfield code="l">3</subfield>
    <subfield code="o">H62 .S47 2013 c.1</subfield>
    <subfield code="p">026032</subfield>
    <subfield code="r">2020-02-24 00:00:00</subfield>
    <subfield code="s">2020-02-24</subfield>
    <subfield code="w">2016-04-12</subfield>
    <subfield code="y">AFRI</subfield>
  </datafield>
  <datafield tag="952" ind1=" " ind2=" ">
    <subfield code="0">0</subfield>
    <subfield code="1">0</subfield>
    <subfield code="2">lcc</subfield>
    <subfield code="7">0</subfield>
    <subfield code="a">KABU</subfield>
    <subfield code="b">KABU</subfield>
    <subfield code="d">2016-04-12</subfield>
    <subfield code="g">1500.00</subfield>
    <subfield code="l">6</subfield>
    <subfield code="m">1</subfield>
    <subfield code="o">H62 .S47 2013 c.2</subfield>
    <subfield code="p">026035</subfield>
    <subfield code="r">2024-07-26 10:25:15</subfield>
    <subfield code="s">2023-10-23</subfield>
    <subfield code="w">2016-04-12</subfield>
    <subfield code="y">BK</subfield>
  </datafield>
  <datafield tag="952" ind1=" " ind2=" ">
    <subfield code="0">0</subfield>
    <subfield code="1">0</subfield>
    <subfield code="2">lcc</subfield>
    <subfield code="7">0</subfield>
    <subfield code="a">KABU</subfield>
    <subfield code="b">KABU</subfield>
    <subfield code="d">2016-04-12</subfield>
    <subfield code="g">1500.00</subfield>
    <subfield code="l">13</subfield>
    <subfield code="m">1</subfield>
    <subfield code="o">H62 .S47 2013 c.3</subfield>
    <subfield code="p">026034</subfield>
    <subfield code="r">2024-06-03 09:10:40</subfield>
    <subfield code="s">2024-05-14</subfield>
    <subfield code="t">C.3</subfield>
    <subfield code="w">2016-04-12</subfield>
    <subfield code="y">BK</subfield>
  </datafield>
  <datafield tag="952" ind1=" " ind2=" ">
    <subfield code="0">0</subfield>
    <subfield code="1">0</subfield>
    <subfield code="2">lcc</subfield>
    <subfield code="7">0</subfield>
    <subfield code="a">KABU</subfield>
    <subfield code="b">KABU</subfield>
    <subfield code="d">2016-04-12</subfield>
    <subfield code="g">1500.00</subfield>
    <subfield code="l">9</subfield>
    <subfield code="m">3</subfield>
    <subfield code="o">H62 .S47 2013 c.4</subfield>
    <subfield code="p">026033</subfield>
    <subfield code="r">2024-08-02 00:00:00</subfield>
    <subfield code="s">2022-11-21</subfield>
    <subfield code="w">2016-04-12</subfield>
    <subfield code="y">BK</subfield>
  </datafield>
  <datafield tag="952" ind1=" " ind2=" ">
    <subfield code="0">0</subfield>
    <subfield code="1">0</subfield>
    <subfield code="2">lcc</subfield>
    <subfield code="7">0</subfield>
    <subfield code="a">KABU</subfield>
    <subfield code="b">KABU</subfield>
    <subfield code="d">2016-04-12</subfield>
    <subfield code="g">1500.00</subfield>
    <subfield code="l">7</subfield>
    <subfield code="o">H62 .S47 2013 c.5</subfield>
    <subfield code="p">026036</subfield>
    <subfield code="r">2024-08-02 00:00:00</subfield>
    <subfield code="s">2023-08-08</subfield>
    <subfield code="w">2016-04-12</subfield>
    <subfield code="y">BK</subfield>
  </datafield>
  <datafield tag="952" ind1=" " ind2=" ">
    <subfield code="0">0</subfield>
    <subfield code="1">0</subfield>
    <subfield code="2">lcc</subfield>
    <subfield code="7">0</subfield>
    <subfield code="a">KABU</subfield>
    <subfield code="b">KABU</subfield>
    <subfield code="d">2016-04-12</subfield>
    <subfield code="g">1500.00</subfield>
    <subfield code="l">13</subfield>
    <subfield code="m">1</subfield>
    <subfield code="o">H62 .S47 2013 c.6</subfield>
    <subfield code="p">026037</subfield>
    <subfield code="r">2024-08-02 00:00:00</subfield>
    <subfield code="s">2023-03-17</subfield>
    <subfield code="w">2016-04-12</subfield>
    <subfield code="y">BK</subfield>
  </datafield>
  <datafield tag="952" ind1=" " ind2=" ">
    <subfield code="0">0</subfield>
    <subfield code="1">0</subfield>
    <subfield code="2">lcc</subfield>
    <subfield code="7">0</subfield>
    <subfield code="a">KABU</subfield>
    <subfield code="b">KABU</subfield>
    <subfield code="d">2016-04-12</subfield>
    <subfield code="g">1500.00</subfield>
    <subfield code="l">4</subfield>
    <subfield code="o">H62 .S47 2013 c.7</subfield>
    <subfield code="p">026038</subfield>
    <subfield code="r">2018-12-04 00:00:00</subfield>
    <subfield code="s">2018-11-19</subfield>
    <subfield code="w">2016-04-12</subfield>
    <subfield code="y">BK</subfield>
  </datafield>
  <datafield tag="952" ind1=" " ind2=" ">
    <subfield code="0">0</subfield>
    <subfield code="1">0</subfield>
    <subfield code="2">lcc</subfield>
    <subfield code="7">0</subfield>
    <subfield code="a">KABU</subfield>
    <subfield code="b">KABU</subfield>
    <subfield code="d">2016-04-12</subfield>
    <subfield code="g">1500.00</subfield>
    <subfield code="l">8</subfield>
    <subfield code="m">3</subfield>
    <subfield code="o">H62 .S47 2013 c.8</subfield>
    <subfield code="p">026039</subfield>
    <subfield code="r">2025-09-09 12:10:05</subfield>
    <subfield code="s">2025-08-18</subfield>
    <subfield code="w">2016-04-12</subfield>
    <subfield code="y">BK</subfield>
  </datafield>
  <datafield tag="952" ind1=" " ind2=" ">
    <subfield code="0">0</subfield>
    <subfield code="1">0</subfield>
    <subfield code="2">lcc</subfield>
    <subfield code="7">0</subfield>
    <subfield code="a">KABU</subfield>
    <subfield code="b">KABU</subfield>
    <subfield code="d">2016-04-12</subfield>
    <subfield code="g">1500.00</subfield>
    <subfield code="l">12</subfield>
    <subfield code="m">3</subfield>
    <subfield code="o">H62 .S47 2013 c.9</subfield>
    <subfield code="p">026040</subfield>
    <subfield code="r">2024-08-02 00:00:00</subfield>
    <subfield code="s">2023-10-23</subfield>
    <subfield code="w">2016-04-12</subfield>
    <subfield code="y">BK</subfield>
  </datafield>
  <datafield tag="952" ind1=" " ind2=" ">
    <subfield code="0">0</subfield>
    <subfield code="1">0</subfield>
    <subfield code="2">lcc</subfield>
    <subfield code="7">0</subfield>
    <subfield code="a">KABU</subfield>
    <subfield code="b">KNTC</subfield>
    <subfield code="d">2016-04-12</subfield>
    <subfield code="g">1500.00</subfield>
    <subfield code="l">5</subfield>
    <subfield code="o">H62 .S47 2013 c.10</subfield>
    <subfield code="p">026041</subfield>
    <subfield code="r">2022-04-12 00:00:00</subfield>
    <subfield code="s">2022-03-07</subfield>
    <subfield code="w">2016-04-12</subfield>
    <subfield code="y">BK</subfield>
  </datafield>
</record>
